00357 a2200109 4500001001000000005001700010008004100027245006100068100002100129773008000150999001700230ART_4572520260410161940.0260409a 10aCommercial banks, the central bank, and endogenous money1 aWray, L. Randall0 tJournal of post Keynesian economicsg- Vol. 14, NÂș 3 (mar. 1992)wREV26226 c29385d29385